KOHA-Header-6

New Perspective on Rural Marketing (Record no. 8984)

000 -LEADER
fixed length control field 00243nam a2200109Ia 4500
020 ## - INTERNATIONAL STANDARD BOOK NUMBER
ISBN 9788179920855
100 ## - MAIN ENTRY--AUTHOR NAME
Personal name Ramkishen Y
245 #0 - TITLE STATEMENT
Title New Perspective on Rural Marketing
260 ## - PUBLICATION, DISTRIBUTION, ETC. (IMPRINT)
Place of publication New York
Name of publisher Addison
Year of publication 1996
300 ## - PHYSICAL DESCRIPTION
Number of Pages 984
942 ## - ADDED ENTRY ELEMENTS (KOHA)
Koha item type Books
Holdings
Withdrawn status Lost status Collection code Permanent Location Current Location Shelving location Date acquired Full call number Accession Number Koha item type
    Marketing MAJU MAJU   2019-09-14 658.41 4228 Marketing

Powered by Koha